[Event "World Rapid 2023"]
[Site "Samarkand UZB"]
[Date "2023.12.28"]
[EventDate "2023.12.26"]
[Round "13.71"]
[Result "0-1"]
[White "Benjamin Haldorsen"]
[Black "Rinat Jumabayev"]
[WhiteElo "2445"]
[BlackElo "2598"]
[PlyCount "94"]

1. e4 e6 2. d4 d5 3. Nd2 c5 4. exd5 Qxd5 5. dxc5 Qxc5 6. Ngf3 Nf6 7. Bd3 Nbd7 8.
Nb3 Qc7 9. a4 Be7 10. O-O O-O 11. a5 Nd5 12. a6 bxa6 13. c3 Rb8 14. Nfd4 Rb6 15.
Re1 Rd8 16. Na5 Bf6 17. Nc4 Rb8 18. Qe2 Nc5 19. Bc2 Bb7 20. Ne5 a5 21. Nb5 Qb6
22. Bxh7+ Kf8 23. c4 Ne7 24. Bf4 g6 25. Nxg6+ fxg6 26. Bxb8 Rxb8 27. Rad1 Rd8
28. Rxd8+ Qxd8 29. Rd1 Qc8 30. Nd6 Qc6 31. Nxb7 Nxb7 32. h4 Kg7 33. Bxg6 Nxg6
34. h5 Ne7 35. Qg4+ Kf7 36. h6 Nd6 37. Qh5+ Ng6 38. b3 Nf5 39. Rd3 Qb7 40. c5 a4
41. Qd1 Be7 42. bxa4 Nfh4 43. Rg3 Nf5 44. Rh3 Kg8 45. h7+ Kh8 46. Qa1+ e5 47.
Rh6 Nxh6 0-1

[Event "World Rapid 2023"]
[Site "Samarkand UZB"]
[Date "2023.12.28"]
[EventDate "2023.12.26"]
[Round "13.72"]
[Result "0-1"]
[White "Almas Rakhmatullaev"]
[Black "Roman Kezin"]
[WhiteElo "2383"]
[BlackElo "2502"]
[PlyCount "86"]

1. e4 c5 2. Nf3 e6 3. g3 Nc6 4. Bg2 Nf6 5. Qe2 e5 6. O-O Be7 7. c3 O-O 8. Rd1
Re8 9. Na3 Bf8 10. d3 h6 11. Nc4 d6 12. h3 Be6 13. Ne3 d5 14. g4 g6 15. Nf1 Nh7
16. Ng3 Qc7 17. Be3 Rad8 18. Kh1 b5 19. Rg1 c4 20. dxc4 dxe4 21. Nxe4 Bxc4 22.
Qe1 Bd5 23. Ng3 Qb7 24. Qc1 Nb4 25. cxb4 Bxf3 26. Bxh6 Bxb4 27. a3 Ba5 28. Be3
Rc8 29. Qb1 e4 30. Qf1 Rc2 31. Rc1 Rxb2 32. Bxf3 exf3 33. Nf5 Rxe3 34. Nxe3 Ng5
35. Nd1 Re2 36. h4 Ne4 37. h5 Re1 38. Qxe1 Bxe1 39. Rxe1 Ng3+ 40. Kh2 Ne2 41.
Rc5 Qe7 42. Rc8+ Kg7 43. h6+ Kh7 0-1

[Event "World Rapid 2023"]
[Site "Samarkand UZB"]
[Date "2023.12.28"]
[EventDate "2023.12.26"]
[Round "13.73"]
[Result "0-1"]
[White "M Pranesh"]
[Black "Daniyal Sapenov"]
[WhiteElo "2523"]
[BlackElo "2350"]
[PlyCount "110"]

1. e4 c5 2. Nf3 d6 3. d4 cxd4 4. Nxd4 Nf6 5. Nc3 a6 6. Bd3 g6 7. f3 Qb6 8. Nb3
Bg7 9. a4 O-O 10. a5 Qc7 11. Be3 Nc6 12. Na4 Be6 13. O-O Nd7 14. c4 Nce5 15. Rc1
Rad8 16. Be2 Nc5 17. Naxc5 dxc5 18. Qe1 Nc6 19. Bxc5 Bxb2 20. Bb6 Qb8 21. Rb1
Be5 22. g3 Bc7 23. Nc5 Bc8 24. f4 Bxb6 25. axb6 Qd6 26. Nb3 Nd4 27. c5 Qc6 28.
Nxd4 Rxd4 29. Qc3 Rfd8 30. e5 Bf5 31. Rbd1 Bh3 32. Qf3 Qxc5 33. Rxd4 Rxd4 34.
Rf2 Qc1+ 35. Bf1 Rd1 36. g4 Bxf1 37. Rxf1 Rxf1+ 38. Qxf1 Qxf1+ 39. Kxf1 Kf8 40.
f5 gxf5 41. gxf5 Ke8 42. e6 fxe6 43. fxe6 Kf8 44. h4 Kg7 45. Ke2 Kf6 46. Ke3
Kxe6 47. Kf4 Kf6 48. Ke4 h5 49. Kd4 Ke6 50. Ke4 Kd6 51. Kf5 a5 52. Ke4 Kc5 53.
Kd3 Kxb6 54. Kc4 e6 55. Kd4 0-1

[Event "World Rapid 2023"]
[Site "Samarkand UZB"]
[Date "2023.12.28"]
[EventDate "2023.12.26"]
[Round "13.74"]
[Result "1-0"]
[White "Kazybek Nogerbek"]
[Black "Mergen Kakabayev"]
[WhiteElo "2483"]
[BlackElo "2266"]
[PlyCount "74"]

1. d4 d5 2. Nf3 Nf6 3. c4 c6 4. Nc3 e6 5. Bg5 dxc4 6. e4 b5 7. e5 h6 8. Bh4 g5
9. Nxg5 hxg5 10. Bxg5 Nbd7 11. exf6 Bb7 12. h4 Qb6 13. Qc2 c5 14. d5 exd5 15.
O-O-O d4 16. Nxb5 Qxb5 17. Bxc4 Qc6 18. Rhe1+ Kd8 19. Bxf7 Bd6 20. Bg6 Kc7 21.
Be4 Qa6 22. Rxd4 Bxe4 23. Rdxe4 Qxa2 24. Ra4 Qd5 25. Rd1 Qxg2 26. Rad4 Nb6 27.
Rxd6 c4 28. Qf5 Rac8 29. Be3 Kb7 30. Qb5 Rc6 31. Rd7+ Kb8 32. Qa6 Nxd7 33. Qxa7+
Kc8 34. Qxd7+ Kb8 35. Qa7+ Kc8 36. Qa8+ Kc7 37. Qxh8 1-0

[Event "World Rapid 2023"]
[Site "Samarkand UZB"]
[Date "2023.12.28"]
[EventDate "2023.12.26"]
[Round "13.75"]
[Result "1-0"]
[White "Mamikon Gharibyan"]
[Black "Danis Kuandykuly"]
[WhiteElo "2504"]
[BlackElo "2095"]
[PlyCount "50"]

1. e4 c5 2. Nf3 d6 3. d4 cxd4 4. Nxd4 Nf6 5. Nc3 Nc6 6. Bg5 Bd7 7. Qd2 a6 8.
O-O-O e6 9. f3 Be7 10. h4 Qc7 11. Kb1 h5 12. Nxc6 bxc6 13. Bc4 d5 14. Bb3 a5 15.
Rhe1 Rb8 16. Bf4 Qb7 17. Bxb8 Qxb8 18. Na4 O-O 19. e5 Ne8 20. Qxa5 Nc7 21. Qb6
Qc8 22. Nc5 Na8 23. Qa7 Rd8 24. g3 Be8 25. Qxe7 1-0

[Event "World Rapid 2023"]
[Site "Samarkand UZB"]
[Date "2023.12.28"]
[EventDate "2023.12.26"]
[Round "13.76"]
[Result "1/2-1/2"]
[White "David Akhmedov"]
[Black "Ramazan Zhalmakhanov"]
[WhiteElo "2244"]
[BlackElo "2493"]
[PlyCount "252"]

1. e4 c5 2. Nf3 g6 3. g3 Bg7 4. Bg2 Nc6 5. O-O d6 6. c3 Nf6 7. Re1 O-O 8. h3 e5
9. a3 Re8 10. d3 h6 11. b4 a6 12. Nbd2 Be6 13. Bb2 Rc8 14. Rb1 Nh5 15. Ba1 b5
16. Nf1 Qd7 17. Kh2 Nf6 18. Rc1 a5 19. bxa5 Nxa5 20. Rb1 Ra8 21. d4 exd4 22.
cxd4 Ba2 23. Rb2 Bc4 24. e5 Nd5 25. Rb1 cxd4 26. Nxd4 Rab8 27. e6 fxe6 28. Nxe6
Nc3 29. Bxc3 Bxc3 30. Qc2 Bxe6 31. Qxc3 Nc4 32. Nd2 Qg7 33. Qxg7+ Kxg7 34. Rxe6
Nxd2 35. Rxe8 Rxe8 36. Rxb5 Re2 37. Kg1 Re1+ 38. Kh2 Re2 39. Rd5 Nc4 40. Kg1 Ra2
41. Bf1 Nd2 42. Rxd6 Nf3+ 43. Kg2 Ne1+ 44. Kg1 Nf3+ 45. Kg2 Rxa3 46. Re6 Nd4 47.
Re4 Nf5 48. Re6 h5 49. Rb6 Rc3 50. Be2 h4 51. Bg4 Ne7 52. Rb7 Kf6 53. Rb6+ Kg7
54. Rb7 Kf6 55. Rb6+ Kf7 56. gxh4 Kg7 57. Rd6 Rc5 58. Kg3 Rc3+ 59. f3 Rc5 60.
Rd7 Kf6 61. Rd6+ Kg7 62. Ra6 Rb5 63. Be6 Re5 64. Bg4 Rc5 65. Kf4 Nd5+ 66. Ke4
Nf6+ 67. Ke3 Rc7 68. Kd4 Re7 69. Rd6 Ra7 70. Ke5 Ra5+ 71. Kf4 Ra4+ 72. Kg3 Rb4
73. Rc6 Rb7 74. Rc3 Ra7 75. Rb3 Rc7 76. Re3 Ra7 77. f4 Nd5 78. Rd3 Ra5 79. Bf3
Ne7 80. Be4 Ra4 81. Kf3 Ra6 82. Kg4 Ra4 83. Kf3 Ra6 84. Rd7 Kf6 85. Kg4 Ra4 86.
Rd6+ Kg7 87. Bd3 Ra5 88. Re6 Kf7 89. Bc4 Ke8 90. Re5 Ra3 91. Bb5+ Kf7 92. Bc4+
Kf8 93. Be6 Kg7 94. Bc4 Nf5 95. Rxf5 gxf5+ 96. Kxf5 Rxh3 97. Kg4 Rh1 98. Bd3 Kh6
99. Be4 Rg1+ 100. Kh3 Re1 101. Bf3 Kg6 102. Bg4 Rg1 103. Bd7 Kf6 104. Bg4 Ke7
105. Bc8 Kd6 106. h5 Ke7 107. Kh4 Kf6 108. Bg4 Ra1 109. Kg3 Ra3+ 110. Kh4 Ra4
111. Kg3 Rb4 112. Bh3 Kg7 113. Bg4 Kh6 114. Bf3 Rb3 115. Kg2 Kg7 116. Bg4 Kf6
117. Kf2 Ke7 118. Kg2 Kd6 119. h6 Ke7 120. h7 Rb8 121. Bf5 Kf6 122. Be4 Kg7 123.
Kg3 Rb4 124. Bf5 Rb5 125. Kg4 Rb6 126. Be4 1/2-1/2

[Event "World Rapid 2023"]
[Site "Samarkand UZB"]
[Date "2023.12.28"]
[EventDate "2023.12.26"]
[Round "13.77"]
[Result "1-0"]
[White "Mustafokhuja Khusenkhojaev"]
[Black "Mohamed Tissir"]
[WhiteElo "2298"]
[BlackElo "2349"]
[PlyCount "114"]

1. d4 e6 2. c4 c5 3. d5 exd5 4. cxd5 d6 5. Nc3 Ne7 6. g3 Ng6 7. Nf3 Be7 8. h4
Nd7 9. Bg2 O-O 10. O-O b6 11. h5 Nge5 12. Bf4 Ng4 13. e4 Ba6 14. Re1 f6 15. a4
Nge5 16. Nb5 Nxf3+ 17. Bxf3 Ne5 18. Be2 Bb7 19. Be3 a6 20. Nc3 Bc8 21. f4 Nf7
22. Bf3 Bd7 23. Qe2 Qc7 24. Bf2 Qb7 25. Nd1 b5 26. a5 Rac8 27. Ne3 c4 28. Nc2 b4
29. Nd4 c3 30. Nc6 Bxc6 31. dxc6 Qxc6 32. bxc3 bxc3 33. Rec1 Qc4 34. Qxc4 Rxc4
35. Be2 Rc6 36. Ra3 Rfc8 37. Bg4 R8c7 38. Bb6 d5 39. Rb3 Bc5+ 40. Kg2 d4 41.
Bxc7 Rxc7 42. Rb8+ Bf8 43. Be6 d3 44. Rd8 d2 45. Rc2 Re7 46. Bxf7+ Kxf7 47. Rxc3
Rxe4 48. Rc7+ Ke6 49. Rxd2 Kf5 50. Kf3 Ra4 51. g4+ Ke6 52. Rc6+ Kf7 53. Rd7+ Ke8
54. Ra7 Ra3+ 55. Ke2 Ra2+ 56. Kd3 Ra3+ 57. Kc2 1-0

[Event "World Rapid 2023"]
[Site "Samarkand UZB"]
[Date "2023.12.28"]
[EventDate "2023.12.26"]
[Round "13.78"]
[Result "1/2-1/2"]
[White "Abdimalik Abdisalimov"]
[Black "Roman Shogdzhiev"]
[WhiteElo "2496"]
[BlackElo "1901"]
[PlyCount "126"]

1. e4 c5 2. Nf3 d6 3. d4 cxd4 4. Nxd4 Nf6 5. Nc3 a6 6. Be3 e5 7. Nb3 Be6 8. f3
h5 9. Qd2 Nbd7 10. Nd5 Bxd5 11. exd5 g6 12. O-O-O Nb6 13. Kb1 Nbxd5 14. Bg5 Be7
15. Bd3 Qc7 16. Rhe1 Nb6 17. c4 O-O-O 18. c5 dxc5 19. Nxc5 Nc4 20. Qc1 Qxc5 21.
Qxc4 Qxc4 22. Bxc4 Rxd1+ 23. Rxd1 Rf8 24. Re1 Ng8 25. Bxe7 Nxe7 26. Rxe5 Nc6 27.
Re4 Kd7 28. Kc2 f6 29. f4 g5 30. g3 Kd6 31. Kd2 Kc5 32. a3 a5 33. Be2 h4 34.
gxh4 gxh4 35. Ke3 b5 36. f5 Rh8 37. h3 Ne5 38. Kf4 Rg8 39. b4+ axb4 40. axb4+
Kc6 41. Bg4 Kd5 42. Be2 Kc6 43. Bf3 Nxf3 44. Kxf3 Rg3+ 45. Kf4 Kd5 46. Re6 Rxh3
47. Rxf6 Kc4 48. Rh6 Rh1 49. f6 h3 50. Rh4 h2 51. Kg3+ Kd5 52. Rf4 Rg1+ 53. Kxh2
Rg8 54. f7 Rf8 55. Kg3 Ke6 56. Kg4 Rxf7 57. Rxf7 Kxf7 58. Kf5 Ke7 59. Ke5 Kd7
60. Kd5 Kc7 61. Kc5 Kb8 62. Kxb5 Kb7 63. Kc5 Kc7 1/2-1/2

[Event "World Rapid 2023"]
[Site "Samarkand UZB"]
[Date "2023.12.28"]
[EventDate "2023.12.26"]
[Round "13.79"]
[Result "1-0"]
[White "Surya Shekhar Ganguly"]
[Black "Daler Vakhidov"]
[WhiteElo "2578"]
[BlackElo "2175"]
[PlyCount "86"]

1. e4 c5 2. Nf3 g6 3. d4 cxd4 4. Nxd4 Bg7 5. c4 Nc6 6. Be3 Nf6 7. Nc3 O-O 8. Be2
d6 9. O-O Bd7 10. Nc2 Rc8 11. f3 a6 12. Qd2 Ne5 13. b3 b5 14. cxb5 Qa5 15. b4
Qc7 16. Bd4 Bxb5 17. Rac1 Bxe2 18. Qxe2 Qb7 19. a3 Nc4 20. Kh1 e5 21. Bf2 Bh6
22. Ne3 Nxe3 23. Bxe3 Bxe3 24. Qxe3 Rc6 25. h3 Rfc8 26. Kh2 Qc7 27. Ne2 Qe7 28.
Qd2 Kg7 29. a4 Qb7 30. Qb2 Rc4 31. Rxc4 Rxc4 32. Rb1 Qb6 33. Qb3 d5 34. exd5 Rh4
35. Ng3 Qd6 36. b5 a5 37. Kh1 Rb4 38. Qc2 Qxd5 39. b6 Rxb1+ 40. Qxb1 Qb7 41. Qb5
Nd7 42. Ne4 f5 43. Nd6 1-0

[Event "World Rapid 2023"]
[Site "Samarkand UZB"]
[Date "2023.12.28"]
[EventDate "2023.12.26"]
[Round "13.80"]
[Result "1/2-1/2"]
[White "Giovanni Vescovi"]
[Black "Ernur Amangeldy"]
[WhiteElo "2584"]
[BlackElo "2134"]
[PlyCount "118"]

1. Nf3 Nf6 2. c4 e6 3. b3 d5 4. Bb2 Bd6 5. g3 O-O 6. Bg2 b6 7. O-O Bb7 8. d3 c5
9. e3 Nc6 10. Nbd2 Qe7 11. a3 Rfd8 12. Qc2 Rac8 13. Rfe1 Bb8 14. cxd5 Nxd5 15.
Rad1 Nf6 16. Qb1 Na5 17. Bc3 Nc6 18. Bf1 Rd7 19. Qb2 Rcd8 20. b4 cxb4 21. axb4
Nd5 22. Bxg7 Qxb4 23. Qa1 Qa5 24. Qb2 Qb4 25. Qa1 Qa5 26. Ne4 Qxa1 27. Bxa1 h6
28. Rc1 f5 29. Ned2 e5 30. Nh4 Rf7 31. Nxf5 Rxf5 32. e4 Rf7 33. exd5 Nd4 34.
Bxd4 exd4 35. Bg2 Kg7 36. Nb3 Bxd5 37. Nxd4 Kf6 38. Nc6 Bxc6 39. Rxc6+ Rd6 40.
Rc8 Bc7 41. Rc1 Bd8 42. R1c6 Rxc6 43. Rxc6+ Kg7 44. Bd5 Rc7 45. Re6 b5 46. Re8
Rd7 47. Bc6 Rxd3 48. Bxb5 Rd2 49. Kf1 a5 50. f4 Bf6 51. h4 Rd5 52. Rb8 Rd1+ 53.
Ke2 Rb1 54. Rb7+ Kf8 55. Bc6 Rxb7 56. Bxb7 a4 57. Bd5 h5 58. Kf3 Bd4 59. Ke4 1/2-1/2

[Event "World Rapid 2023"]
[Site "Samarkand UZB"]
[Date "2023.12.28"]
[EventDate "2023.12.26"]
[Round "13.81"]
[Result "1-0"]
[White "Aldiyar Ansat"]
[Black "Vasquez Schroeder, Rodrigo"]
[WhiteElo "2434"]
[BlackElo "2475"]
[PlyCount "76"]

1. e4 c5 2. Nf3 d6 3. d4 cxd4 4. Nxd4 Nf6 5. Nc3 a6 6. Be3 e5 7. Nf3 Be7 8. h3
Qc7 9. g4 h6 10. a4 Nc6 11. Nd2 Na5 12. Nd5 Nxd5 13. exd5 Bh4 14. Bd3 O-O 15.
Qf3 e4 16. Qxe4 f5 17. Qb4 b5 18. gxf5 Qe7 19. O-O-O Nc4 20. Nxc4 bxc4 21. Qxc4
Bxf5 22. Bxf5 Rxf5 23. Qg4 Raf8 24. Bxh6 Bxf2 25. Kb1 Qf6 26. Bc1 Rb8 27. Rhf1
a5 28. Qe2 Kh8 29. Qe6 Qf8 30. Rd4 Rb4 31. Rxb4 axb4 32. Be3 Rf3 33. Rxf2 Rxf2
34. Bxf2 Qxf2 35. Qe8+ Kh7 36. Qe4+ Kh8 37. Qxb4 Qe1+ 38. Qxe1 1-0

[Event "World Rapid 2023"]
[Site "Samarkand UZB"]
[Date "2023.12.28"]
[EventDate "2023.12.26"]
[Round "13.82"]
[Result "0-1"]
[White "Denis Khismatullin"]
[Black "Sergey Sklokin"]
[WhiteElo "2579"]
[BlackElo "1780"]
[PlyCount "98"]

1. Nf3 d5 2. g3 Nf6 3. Bg2 g6 4. c4 Bg7 5. O-O O-O 6. cxd5 Nxd5 7. d4 c6 8. e4
Nb6 9. h3 N8d7 10. Nc3 e5 11. Bg5 Bf6 12. Bh6 Re8 13. d5 cxd5 14. exd5 e4 15.
Nd2 Bxc3 16. bxc3 Nc5 17. c4 Qf6 18. Be3 Nba4 19. Re1 b6 20. Qc2 Bd7 21. Rac1
Rac8 22. Re2 b5 23. Bxc5 Nxc5 24. Nxe4 Nxe4 25. Rxe4 Rxe4 26. Qxe4 Qb2 27. Rb1
Qxa2 28. Rd1 bxc4 29. Qe7 Qa4 30. Rc1 c3 31. d6 Qa3 32. Rc2 Bf5 33. Bd5 Rf8 34.
Ra2 Qc5 35. Qe5 Qc8 36. Ra1 c2 37. Rc1 Qd7 38. g4 Bd3 39. Qc3 Qb5 40. Bc6 Qb1
41. Qe1 Qb6 42. Qc3 Qb1 43. Qa3 a5 44. d7 Rb8 45. Kg2 Qb6 46. Qd6 Be4+ 47. Kg3
Bxc6 48. Rxc2 Qb3+ 49. Kh4 Bxd7 0-1

[Event "World Rapid 2023"]
[Site "Samarkand UZB"]
[Date "2023.12.28"]
[EventDate "2023.12.26"]
[Round "13.83"]
[Result "1-0"]
[White "Jens Hirneise"]
[Black "Timur Yonal"]
[WhiteElo "2270"]
[BlackElo "2003"]
[PlyCount "82"]

1. e4 c5 2. Nc3 Nc6 3. Nf3 e6 4. d4 cxd4 5. Nxd4 Nf6 6. a3 Qc7 7. Be2 Be7 8. f4
d6 9. Be3 a6 10. g4 Nxd4 11. Qxd4 e5 12. Qd2 Bxg4 13. O-O-O Bxe2 14. Qxe2 b5 15.
f5 Qc4 16. Qxc4 bxc4 17. Bg5 Nd7 18. Bxe7 Kxe7 19. Nd5+ Kf8 20. Ne3 Nf6 21. Nxc4
Nxe4 22. Rhe1 Ng5 23. Rxd6 f6 24. Red1 Nf7 25. Rc6 h5 26. h4 Nh6 27. Nd6 Kg8 28.
c4 Kh7 29. Rc7 Rhd8 30. c5 Ng4 31. c6 Ne3 32. Rd2 Nf1 33. Rd3 e4 34. Rd4 e3 35.
Kd1 Ng3 36. Rd7 Rdb8 37. b4 Rb6 38. c7 a5 39. b5 a4 40. Rd8 Rc6 41. bxc6 1-0

[Event "World Rapid 2023"]
[Site "Samarkand UZB"]
[Date "2023.12.28"]
[EventDate "2023.12.26"]
[Round "13.84"]
[Result "1/2-1/2"]
[White "Bobir Sattarov"]
[Black "Nikolay Tregubenko"]
[WhiteElo "2353"]
[BlackElo "2017"]
[PlyCount "82"]

1. e4 c5 2. Nf3 d6 3. Nc3 Nf6 4. e5 dxe5 5. Nxe5 e6 6. g3 Be7 7. Bg2 O-O 8. d3
Nbd7 9. Nc4 Nb6 10. O-O Nbd5 11. Ne4 b6 12. a4 Bb7 13. a5 Qc7 14. Re1 Rfd8 15.
Qe2 Rac8 16. axb6 axb6 17. Ng5 Rf8 18. Ne5 Bd6 19. Ra7 Bxe5 20. Qxe5 Qxe5 21.
Rxe5 Bc6 22. Re1 Ra8 23. Rxa8 Rxa8 24. Bd2 Ra2 25. c4 Ne7 26. Bc3 Bxg2 27. Kxg2
Nc6 28. Nf3 Kf8 29. d4 cxd4 30. Nxd4 Na5 31. Rc1 Ke8 32. Nb5 Nb3 33. Rd1 Nc5 34.
Rd6 Na4 35. Nc7+ Ke7 36. Bb4 Rxb2 37. Ba3 Rxf2+ 38. Kg1 Ra2 39. Bb4 Rb2 40. Ba3
Ra2 41. Bb4 1/2-1/2

[Event "World Rapid 2023"]
[Site "Samarkand UZB"]
[Date "2023.12.28"]
[EventDate "2023.12.26"]
[Round "13.85"]
[Result "1-0"]
[White "Khumoyun Begmuratov"]
[Black "Johan-Sebastian Christiansen"]
[WhiteElo "2371"]
[BlackElo "2618"]
[PlyCount "110"]

1. e4 e5 2. Nf3 Nc6 3. Bb5 f5 4. d3 fxe4 5. dxe4 Nf6 6. O-O Bc5 7. Nbd2 d6 8. a4
a6 9. Bxc6+ bxc6 10. Qe2 Qe7 11. Nb3 Ba7 12. Be3 Bxe3 13. Qxe3 O-O 14. Nfd2 Be6
15. f3 c5 16. Nc1 Rab8 17. b3 Bf7 18. Nd3 Nd7 19. Rf2 c6 20. Raf1 Rbe8 21. f4
exf4 22. Rxf4 Bg6 23. Rxf8+ Nxf8 24. Re1 Ne6 25. Nf3 Rf8 26. Rd1 Bh5 27. Rf1
Bxf3 28. Rxf3 Re8 29. Rf1 Nd4 30. Qf2 h6 31. Re1 Qg5 32. h4 Qg4 33. c3 Rf8 34.
cxd4 Rxf2 35. Nxf2 Qh5 36. g4 Qxh4 37. dxc5 Qg3+ 38. Kf1 dxc5 39. e5 Kf7 40. Rc1
Qxe5 41. Rc4 Qe3 42. a5 Kg6 43. Kg2 Qxb3 44. Rxc5 Qe6 45. Rf5 Qc4 46. Kf3 c5 47.
Ne4 Qd3+ 48. Kf4 c4 49. Rc5 Qd4 50. Rc6+ Kh7 51. Rd6 Qa7 52. g5 h5 53. Kf5 c3
54. g6+ Kh6 55. Rd8 1-0

[Event "World Rapid 2023"]
[Site "Samarkand UZB"]
[Date "2023.12.28"]
[EventDate "2023.12.26"]
[Round "13.86"]
[Result "0-1"]
[White "O'Gorman, Tom"]
[Black "Sumiya Bilguun"]
[WhiteElo "2322"]
[BlackElo "2466"]
[PlyCount "50"]

1. d4 d5 2. c4 e6 3. Nc3 a6 4. cxd5 exd5 5. Qb3 c6 6. e4 dxe4 7. Bc4 Qe7 8. a4
Nf6 9. Bg5 Nbd7 10. O-O-O h6 11. Bh4 g5 12. Bg3 Bg7 13. h4 b5 14. Be2 b4 15. Na2
Nd5 16. a5 g4 17. Bxg4 Nc5 18. dxc5 Qxc5+ 19. Kb1 Bxg4 20. Rc1 Qb5 21. Nh3 Be6
22. Rhe1 Ne7 23. Qe3 Bxa2+ 24. Kxa2 Qa4+ 25. Kb1 b3 0-1

[Event "World Rapid 2023"]
[Site "Samarkand UZB"]
[Date "2023.12.28"]
[EventDate "2023.12.26"]
[Round "13.87"]
[Result "0-1"]
[White "Eldiar Orozbaev"]
[Black "Tigran K Harutyunyan"]
[WhiteElo "2305"]
[BlackElo "2519"]
[PlyCount "114"]

1. e4 c5 2. c3 Nf6 3. e5 Nd5 4. d4 e6 5. Nf3 cxd4 6. cxd4 b6 7. Bd3 Bb7 8. O-O
Be7 9. Nc3 d6 10. Qe2 dxe5 11. Nxe5 O-O 12. Rd1 Nd7 13. Nxd5 Bxd5 14. Bf4 Nf6
15. Rac1 Rc8 16. Rc3 Bb7 17. Bb1 Rxc3 18. bxc3 Qd5 19. f3 Rc8 20. c4 Qa5 21. Re1
Ba6 22. Bd3 Qc3 23. Nxf7 Bxc4 24. Bxc4 Qxd4+ 25. Kf1 Qxc4 26. Ng5 Nd5 27. Nxe6
Bb4 28. Qxc4 Rxc4 29. Rc1 b5 30. Rxc4 bxc4 31. Bc1 Bd6 32. g3 Nc3 33. Be3 a5 34.
Bd2 Nxa2 35. Bxa5 Kf7 36. Ng5+ Kf6 37. Ne4+ Ke6 38. Ke2 Nc1+ 39. Kd1 Nb3 40. Bc3
Be5 41. Ng5+ Kd5 42. Bxe5 Kxe5 43. Nxh7 Kd4 44. Ng5 Kd3 45. Nh3 Nd4 46. Nf4+ Kc3
47. Kc1 Nb3+ 48. Kd1 Kb2 49. h4 Nd4 50. h5 Nxf3 51. g4 Ne5 52. Nd5 c3 53. Nb4
Nxg4 54. Ke2 c2 55. Nd3+ Kb1 56. Kd2 Ne5 57. h6 gxh6 0-1

[Event "World Rapid 2023"]
[Site "Samarkand UZB"]
[Date "2023.12.28"]
[EventDate "2023.12.26"]
[Round "13.88"]
[Result "1-0"]
[White "Gabriel Gaehwiler"]
[Black "Lev Zverev"]
[WhiteElo "2381"]
[BlackElo "2343"]
[PlyCount "68"]

1. d4 Nf6 2. Nf3 d5 3. c4 e6 4. g3 Bb4+ 5. Bd2 Be7 6. Bg2 c6 7. Qc2 O-O 8. O-O
b6 9. Bf4 Ba6 10. Ne5 Nfd7 11. cxd5 cxd5 12. Rc1 Nxe5 13. Bxe5 Nd7 14. Bc7 Qc8
15. e4 Nc5 16. dxc5 Qxc7 17. exd5 exd5 18. Nc3 Bb7 19. c6 Qxc6 20. Nxd5 Qxd5 21.
Bxd5 Bxd5 22. Rd1 Be6 23. Rac1 Bf6 24. b3 g6 25. Qc7 a5 26. Qxb6 a4 27. bxa4
Rxa4 28. Rd6 Re4 29. Qb7 Re5 30. a4 Re8 31. Rxe6 R8xe6 32. Rc7 Rf5 33. Qc8+ Kg7
34. Qxe6 1-0

[Event "World Rapid 2023"]
[Site "Samarkand UZB"]
[Date "2023.12.28"]
[EventDate "2023.12.26"]
[Round "13.89"]
[Result "0-1"]
[White "Rojas Salas, Steven"]
[Black "Zhandos Agmanov"]
[WhiteElo "2172"]
[BlackElo "2460"]
[PlyCount "90"]

1. d4 Nf6 2. c4 e6 3. Nf3 d5 4. Nc3 Bb4 5. Qa4+ Nc6 6. Bg5 h6 7. Bxf6 Qxf6 8. e3
O-O 9. cxd5 exd5 10. Bb5 Bxc3+ 11. bxc3 Bh3 12. O-O Ne7 13. Bd7 Bxd7 14. Qxd7
Rfc8 15. Rab1 b6 16. Ne5 Qd6 17. Qa4 c5 18. Rfc1 Rc7 19. Nd3 Rac8 20. dxc5 bxc5
21. c4 dxc4 22. Qxc4 Nd5 23. g3 Nb6 24. Qc3 c4 25. Nf4 Rc5 26. Rd1 Qc6 27. Rbc1
Na4 28. Qd4 c3 29. Nd5 Kf8 30. Nb4 Qb5 31. Nd3 Rd5 32. Qb4+ Qxb4 33. Nxb4 Rxd1+
34. Rxd1 Rb8 35. a3 a5 36. Nc2 Rb2 37. Rc1 Ke7 38. Kf1 Kd6 39. e4 Kc5 40. Ke2
Kc4 41. Ke3 Nc5 42. Ne1 Nb3 43. Rd1 Rd2 44. Rb1 Nd4 45. Rc1 g5 0-1

[Event "World Rapid 2023"]
[Site "Samarkand UZB"]
[Date "2023.12.28"]
[EventDate "2023.12.26"]
[Round "13.90"]
[Result "1-0"]
[White "Gianmarco Leiva"]
[Black "Khalil Nafri"]
[WhiteElo "2398"]
[BlackElo "2248"]
[PlyCount "82"]

1. d4 Nf6 2. Nf3 g6 3. Bg5 Ne4 4. Bh4 Bg7 5. c3 c5 6. e3 d5 7. Nbd2 Nxd2 8. Qxd2
cxd4 9. exd4 O-O 10. Bd3 Nc6 11. O-O Bg4 12. Qf4 Bxf3 13. Qxf3 a6 14. Qe2 Qd7
15. Bg3 Rac8 16. Rad1 Na5 17. Be5 Bxe5 18. Qxe5 Nc4 19. Bxc4 Rxc4 20. Rfe1 e6
21. h4 Qc7 22. Qe3 Qd8 23. h5 Qf6 24. Qh3 b5 25. Re3 b4 26. Rf3 Qg5 27. Rg3 Qf6
28. Rdd3 bxc3 29. bxc3 Qf5 30. Qh4 e5 31. Rdf3 Qd7 32. hxg6 fxg6 33. Rxf8+ Kxf8
34. Qf6+ Kg8 35. Rf3 Rc8 36. dxe5 Re8 37. Re3 Re6 38. Qf4 Rc6 39. Qd4 Rc4 40. e6
Qc6 41. Qf6 1-0

[Event "World Rapid 2023"]
[Site "Samarkand UZB"]
[Date "2023.12.28"]
[EventDate "2023.12.26"]
[Round "13.91"]
[Result "0-1"]
[White "Faustino Oro"]
[Black "Bakhrom Bakhrillaev"]
[WhiteElo "2357"]
[BlackElo "2332"]
[PlyCount "78"]

1. e4 e5 2. Nf3 Nc6 3. Bb5 a6 4. Ba4 Nf6 5. O-O d6 6. Re1 Bd7 7. c3 g6 8. h3 Bg7
9. d4 O-O 10. Bg5 h6 11. Bh4 Qe8 12. Bc2 Nh5 13. d5 Ne7 14. Nh2 Nf4 15. Bg3 g5
16. c4 f5 17. exf5 Nxf5 18. Nc3 Nd4 19. Be4 b5 20. b3 Qf7 21. h4 b4 22. Nb1 gxh4
23. Bxh4 Nf5 24. Bg3 Nh5 25. Rf1 Qg6 26. Bh4 Qe8 27. Bxf5 Bxf5 28. Nd2 Qg6 29.
Kh1 Bd3 30. Re1 Rf4 31. g4 Nf6 32. f3 h5 33. Bg3 hxg4 34. Bxf4 exf4 35. fxg4 Ne4
36. Nxe4 Bxe4+ 37. Kg1 Rf8 38. Qd2 f3 39. Rxe4 f2+ 0-1

[Event "World Rapid 2023"]
[Site "Samarkand UZB"]
[Date "2023.12.28"]
[EventDate "2023.12.26"]
[Round "13.68"]
[Result "1-0"]
[White "Gallego Alcaraz, Andres Felipe"]
[Black "Jaloliddin Ilkhomi"]
[WhiteElo "2486"]
[BlackElo "2222"]
[PlyCount "42"]

1. d4 Nf6 2. c4 e6 3. Nf3 b6 4. g3 Bb7 5. Bg2 Bb4+ 6. Bd2 Bxd2+ 7. Nbxd2 O-O 8.
O-O c5 9. d5 exd5 10. Nh4 Qc7 11. cxd5 Bxd5 12. e4 Bb7 13. e5 Ne8 14. Bxb7 Qxb7
15. Qg4 d6 16. Nc4 dxe5 17. Nf5 f6 18. Rad1 Nc6 19. Rd7 h5 20. Ne7+ Nxe7 21.
Qe6+ 1-0

[Event "World Rapid 2023"]
[Site "Samarkand UZB"]
[Date "2023.12.28"]
[EventDate "2023.12.26"]
[Round "13.93"]
[Result "1-0"]
[White "Harold Wanyama"]
[Black "Asrorjon Omonov"]
[WhiteElo "2238"]
[BlackElo "2224"]
[PlyCount "82"]

1. d4 Nf6 2. c4 e6 3. g3 d5 4. Bg2 Be7 5. Nf3 O-O 6. O-O c6 7. Qc2 a5 8. Nbd2 b5
9. b3 Ba6 10. Re1 Nbd7 11. e4 bxc4 12. bxc4 Nb6 13. Ne5 Rc8 14. c5 Nbd7 15. Nxd7
Qxd7 16. e5 Ne8 17. f4 Nc7 18. a4 Rb8 19. Nb3 f6 20. Nxa5 fxe5 21. fxe5 Rb4 22.
Be3 Rfb8 23. Reb1 Bd8 24. Bd2 Rxb1+ 25. Rxb1 Ra8 26. Nb7 Ne8 27. Nd6 Nxd6 28.
exd6 Bf6 29. Bc3 Re8 30. Bh3 Qf7 31. Rb6 Bc4 32. Qf2 Qa7 33. a5 Qf7 34. Rxc6 Qg6
35. d7 Qb1+ 36. Qe1 Bxd4+ 37. Kh1 Rb8 38. Rc8+ Kf7 39. d8=Q Bxc3 40. Qe8+ Kf6
41. Qxe6+ 1-0

[Event "World Rapid 2023"]
[Site "Samarkand UZB"]
[Date "2023.12.28"]
[EventDate "2023.12.26"]
[Round "13.94"]
[Result "1/2-1/2"]
[White "Ali Kasimov"]
[Black "Felix Xie"]
[WhiteElo "2206"]
[BlackElo "2244"]
[PlyCount "84"]

1. Nf3 Nf6 2. g3 g6 3. b3 Bg7 4. Bb2 d6 5. d4 c5 6. c4 Ne4 7. Bg2 Qa5+ 8. Nbd2
Nc3 9. Bxc3 Qxc3 10. Rc1 Qa5 11. dxc5 dxc5 12. O-O O-O 13. Ne4 Rd8 14. Qc2 Nc6
15. a4 Bf5 16. Nh4 Nd4 17. Qa2 Bg4 18. Rfe1 Qb6 19. h3 Bd7 20. Rb1 Nc6 21. e3 f5
22. Ng5 Nb4 23. Qe2 h6 24. Ngf3 g5 25. e4 gxh4 26. Nxh4 f4 27. e5 fxg3 28. fxg3
Qe6 29. Bxb7 Rab8 30. Bg2 Bc6 31. Rbd1 Bxg2 32. Nxg2 Qxh3 33. Rxd8+ Rxd8 34. Qf3
Rd3 35. Qa8+ Kh7 36. Qe4+ Kg8 37. Qa8+ Kh7 38. Qe4+ Kh8 39. Qa8+ Kh7 40. Qe4+
Kg8 41. Qa8+ Kh7 42. Qe4+ 1/2-1/2